000 00921nam a2200253 a 4500
001 BRCA_8469
005 20190321142923.0
008 290116s2015----fr-a######---#000-0#fre-#
020 _a9782868783110
041 _afre
044 _afr
050 4 _b.D68 2015
245 1 0 _aDouble(s) sens / Doble(s) sentido(s)
_bEspagne-Amérique latine / América Latina-España
_csous la direction de Catherine Pélage, Samuel Fasquel et Brigitte Natanson.
260 _aOrleans, Francia
_bÉditions Paradigme
_c2015
300 _a509 p.
_bil. a color
_c21 cm.
500 _aIncluye piezas de la colección Franz Mayer : p. 453 y 455
504 _aIncluye referencias bibliográficas
546 _aTexto en : francés y español
700 1 _aPélage, Catherine
_921214
700 1 _aFasquel, Samuel
_921215
700 1 _aNatanson, Brigitte
_921216
740 0 _aDoble(s) sentido(s) : América Latina-España
942 _2lcc
_cB
999 _c8136
_d8136